000 00723cam a22002533a 4500
001 6317
003 PGUSA
005 20140828083131.0
008 040801s2004||||xxu|||||s|||||000 | eng d
040 _aPGUSA
_beng
042 _adc
050 4 _aG
100 1 _aSlocum, Joshua,
_d1844-1909
245 1 0 _aSailing Alone Around the World
_h[electronic resource] /
_cJoshua Slocum
260 _bProject Gutenberg,
_c2004
506 _aPublic domain in the USA.
516 _aElectronic text
653 _aVoyages around the world
700 1 _aFogarty, Thomas,
_d1873-1938
700 1 _aVarian, George,
_d1865-1923
830 0 _aProject Gutenberg
_v6317
856 4 0 _uhttp://www.gutenberg.org/ebooks/6317
942 _cEB
999 _c235640
_d235640